Sobre el estructuralismo
Guardat en:
| Autor principal: | |
|---|---|
| Format: | Llibre |
| Idioma: | espanyol |
| Publicat: |
Pamplona
EUNSA
1985
|
| Col·lecció: | NT Filosofía, 5
|
| Matèries: | |
| Etiquetes: |
Afegir etiqueta
Sense etiquetes, Sigues el primer a etiquetar aquest registre!
|
MARC
| LEADER | 00000nam a2200000 a 4500 | ||
|---|---|---|---|
| 001 | UCZ2238 | ||
| 003 | CL-VaPUC | ||
| 008 | 950926e19850000SP |||||||||||||||||spa|d | ||
| 082 | 0 | 4 | |a 149.96 |b IBA |2 21 |
| 100 | |a Ibáñez Langlois, José Miguel |e author |9 316900 | ||
| 245 | 1 | 0 | |a Sobre el estructuralismo |
| 300 | |a 110 p | ||
| 942 | |c BK | ||
| 945 | |d 19950926 00:00:00 |a lriquelm | ||
| 260 | |a Pamplona |b EUNSA |c 1985 | ||
| 650 | 0 | |a Estructuralismo |9 265696 | |
| 650 | 0 | |a Existencialismo |9 265698 | |
| 650 | 0 | |a Escuelas filosóficas |9 266232 | |
| 583 | |a last modification |c 19950926 00:00:00 |k Rodrigo Vera | ||
| 490 | 0 | |a NT Filosofía, 5 | |
| 999 | |c 238876 |d 238874 | ||
| 952 | |0 0 |1 0 |4 0 |6 149_960000000000000_IBA_1985 |7 0 |8 A |9 249456 |a BIBEDU |b BIBEDU |d 2019-11-18 |i 1566482 |l 1 |o 149.96 IBA 1985 |p 1566482 |r 2025-03-11 |s 2025-03-03 |w 2019-11-18 |y BK |k FIL | ||